Philosophischer Handkommentar zu den Dialogen Platos
Guardat en:
| Autor principal: | |
|---|---|
| Format: | Llibre |
| Idioma: | alemany |
| Publicat: |
Berlín
Herbert Lang
1952
|
| Matèries: | |
| Etiquetes: |
Afegir etiqueta
Sense etiquetes, Sigues el primer a etiquetar aquest registre!
|
MARC
| LEADER | 00000nam a2200000 a 4500 | ||
|---|---|---|---|
| 001 | UCY6395 | ||
| 003 | CL-VaPUC | ||
| 008 | 950526e19520000GW |||||||||||||||||ger|d | ||
| 082 | 0 | 4 | |a 184 |b GAU |2 21 |
| 100 | 0 | |a Gauss, Hermann |e author |9 336309 | |
| 245 | 1 | 0 | |a Philosophischer Handkommentar zu den Dialogen Platos |
| 300 | |a v | ||
| 942 | |c BK | ||
| 945 | |d 19950526 00:00:00 |a oaravena | ||
| 260 | |a Berlín |b Herbert Lang |c 1952 | ||
| 600 | 0 | 7 | |a PLATON |2 CL-VaPUC |9 222 |
| 650 | 0 | |a Filosofía |9 223554 | |
| 650 | 0 | |a Filosofía antigua |9 255705 | |
| 650 | 0 | |a Política |9 255312 | |
| 650 | 7 | |a RECURSOS LITERARIOS |2 CL-VaPUC |9 336310 | |
| 650 | 0 | |a Filosofía del espíritu |9 320175 | |
| 651 | 0 | |a Grecia |9 265314 | |
| 583 | |a last modification |c 19950526 00:00:00 |k Rodrigo Vera | ||
| 999 | |c 233961 |d 233959 | ||
| 952 | |0 0 |1 0 |4 0 |6 184_000000000000000_GAU_1952 |7 0 |8 P |9 239825 |a BIBEDU |b BIBEDU |c BIBEDU_PB |d 2019-11-18 |h v.1 pt.1 |i 1509063 |o 184 GAU 1952 |p 1509063 |r 2024-01-25 |w 2019-11-18 |y BK |k FIL | ||
| 952 | |0 0 |1 0 |4 0 |6 184_000000000000000_GAU_1952 |7 0 |8 P |9 239826 |a BIBEDU |b BIBEDU |c BIBEDU_PB |d 2019-11-18 |h v.1 pt.2 |i 1509071 |o 184 GAU 1952 |p 1509071 |r 2024-01-25 |w 2019-11-18 |y BK |k FIL | ||
| 952 | |0 0 |1 0 |4 0 |6 184_000000000000000_GAU_1952 |7 0 |8 P |9 239827 |a BIBEDU |b BIBEDU |c BIBEDU_PB |d 2019-11-18 |h v.2 pt.1 |i 150908K |o 184 GAU 1952 |p 150908K |r 2024-01-25 |w 2019-11-18 |y BK |k FIL | ||
| 952 | |0 0 |1 0 |4 0 |6 184_000000000000000_GAU_1952 |7 0 |8 P |9 239828 |a BIBEDU |b BIBEDU |c BIBEDU_PB |d 2019-11-18 |h v.2 pt.2 |i 1509098 |o 184 GAU 1952 |p 1509098 |r 2024-01-25 |w 2019-11-18 |y BK |k FIL | ||
| 952 | |0 0 |1 0 |4 0 |6 184_000000000000000_GAU_1952 |7 0 |8 P |9 239829 |a BIBEDU |b BIBEDU |c BIBEDU_PB |d 2019-11-18 |h v.3 pt.1 |i 1509101 |o 184 GAU 1952 |p 1509101 |r 2024-01-25 |w 2019-11-18 |y BK |k FIL | ||
| 952 | |0 0 |1 0 |4 0 |6 184_000000000000000_GAU_1952 |7 0 |8 P |9 239830 |a BIBEDU |b BIBEDU |c BIBEDU_PB |d 2019-11-18 |h v.3 pt.2 |i 150911K |o 184 GAU 1952 |p 150911K |r 2024-01-25 |w 2019-11-18 |y BK |k FIL | ||